000 00291nam a22001337a 4500
008 171106b xxu||||| |||| 00| 0 eng d
020 _a9780324006582
041 _aeng
080 _a9780324006582
100 _a61
101 _aKON
245 _aACCOUNTING THEORY
_cWOLK
942 _2udc
_cBK
999 _c37791
_d37791